[Event "Cellavision Cup 2018"]
[Site "Lund"]
[Date "2018.08.05"]
[Round "7"]
[White "Malmstig, Erik"]
[Black "Jepson, Christian"]
[Result "0-1"]
[WhiteElo "2308"]
[BlackElo "2415"]
[Annotator "NA"]
[PlyCount "97"]
[EventDate "2018.08.03"]
[EventType "swiss"]
[EventCountry "SWE"]
[SourceTitle "playchess.com"]
[Source "ChessBase"]
[SourceQuality "1"]
[TimeControl "5400+30"]

1. e4 {[%emt 0:00:00]} d6 {[%emt 0:02:33]} 2. d4 {[%emt 0:00:00]} Nf6 {[%emt 0:00:17]} 3. Nc3 {[%emt 0:00:03]} g6 {[%emt 0:00:24]} 4. Be3 {[%emt 0:00:18]} c6 {[%emt 0:00:07]} 5. Qd2 {[%emt 0:00:25]} Nbd7 {[%emt 0:01:16]} 6. h3 {[%emt 0:00:55]} b5 {[%emt 0:00:59]} 7. Bd3 {[%emt 0:00:48]} e5 {[%emt 0:06:52]} 8. f4 {[%emt 0:20:02]} exd4 {[%emt 0:09:13]} 9. Bxd4 {[%emt 0:00:14]} b4 {[%emt 0:00:11]} 10. Nce2 {[%emt 0:09:34]} c5 {[%emt 0:00:16]} 11. Bf2 {[%emt 0:04:26]} Bb7 {[%emt 0:00:41]} 12. Bh4 {[%emt 0:03:12]} Be7 {[%emt 0:07:17]} 13. O-O-O {[%emt 0:10:00]} Nxe4 {[%emt 0:07:10]} 14. Bxe4 {[%emt 0:03:51]} Bxe4 {[%emt 0:01:39]} 15. Ng3 {[%emt 0:07:28]} d5 {[%emt 0:03:28]} 16. Nxe4 {[%emt 0:04:49]} dxe4 {[%emt 0:01:20]} 17. Bg5 {[%emt 0:08:51]} Bxg5 {[%emt 0:13:01]} 18. fxg5 {[%emt 0:00:20]} Qe7 {[%emt 0:00:07]} 19. Nf3 {[%emt 0:02:20]} O-O-O {[%emt 0:06:57]} 20. Qe3 {[%emt 0:09:20]} Nb6 {[%emt 0:24:56]} 21. Nd2 {[%emt 0:01:58]} Rhe8 {[%emt 0:00:13]} 22. Nb3 {[%emt 0:01:03]} Qe5 {[%emt 0:03:55]} 23. Rxd8+ {[%emt 0:04:33]} Kxd8 {[%emt 0:00:06]} 24. Nxc5 {[%emt 0:02:14]} Kc8 {[%emt 0:04:22]} 25. h4 {[%emt 0:03:15]} Qxb2+ {[%emt 0:03:11]} 26. Kxb2 {[%emt 0:00:07]} Nc4+ {[%emt 0:00:02]} 27. Kb3 {[%emt 0:00:10]} Nxe3 {[%emt 0:00:02]} 28. Re1 {[%emt 0:00:42]} Nxg2 {[%emt 0:00:29]} 29. Rxe4 {[%emt 0:00:08]} Rxe4 {[%emt 0:00:03]} 30. Nxe4 {[%emt 0:00:05]} Nxh4 {[%emt 0:01:04]} 31. Nd6+ {[%emt 0:01:19]} Kd7 {[%emt 0:00:19]} 32. Nxf7 {[%emt 0:00:13]} Nf3 {[%emt 0:00:17]} 33. Kxb4 {[%emt 0:00:48]} Ke7 {[%emt 0:00:55]} 34. Nh6 {[%emt 0:00:08]} Nxg5 {[%emt 0:00:02]} 35. Kc5 {[%emt 0:01:34]} Nf7 {[%emt 0:01:30]} 36. Ng4 {[%emt 0:00:50]} Ke6 {[%emt 0:00:55]} 37. Kd4 {[%emt 0:00:38]} h5 {[%emt 0:00:12]} 38. Nf2 {[%emt 0:00:12]} g5 {[%emt 0:00:34]} 39. c4 {[%emt 0:00:38]} Kf5 {[%emt 0:00:50]} 40. c5 {[%emt 0:00:19]} Nd8 {[%emt 0:00:48]} 41. Kd5 {[%emt 0:00:56]} g4 {[%emt 0:00:13]} 42. a4 {[%emt 0:00:36]} g3 {[%emt 0:00:19]} 43. Nd1 {[%emt 0:00:30]} h4 {[%emt 0:00:39]} 44. Ne3+ {[%emt 0:00:17]} Kf4 {[%emt 0:00:21]} 45. Ng2+ {[%emt 0:00:06]} Kg5 {[%emt 0:00:33]} 46. Ne1 {[%emt 0:01:57]} h3 {[%emt 0:00:08]} 47. Ke4 {[%emt 0:00:40]} h2 {[%emt 0:00:12]} 48. Nf3+ {[%emt 0:00:09]} Kf6 {[%emt 0:00:22]} 49. Kd4 {Ke5+} 0-1

[Event "Cellavision Cup 2018"]
[Site "Lund"]
[Date "2018.08.05"]
[Round "7"]
[White "Vernersson, Per"]
[Black "Sjodahl, Pontus"]
[Result "1/2-1/2"]
[WhiteElo "2290"]
[BlackElo "2404"]
[Annotator "NA"]
[PlyCount "108"]
[EventDate "2018.08.03"]
[EventType "swiss"]
[EventCountry "SWE"]
[SourceTitle "playchess.com"]
[Source "ChessBase"]
[SourceQuality "1"]
[TimeControl "5400+30"]

1. d4 {[%emt 0:00:00]} Nf6 {[%emt 0:00:00]} 2. c4 {[%emt 0:00:00]} e6 {[%emt 0:00:00]} 3. Nc3 {[%emt 0:00:28]} Bb4 {[%emt 0:00:07]} 4. e3 {[%emt 0:00:35]} O-O {[%emt 0:00:25]} 5. Bd3 {[%emt 0:00:23]} d5 {[%emt 0:02:41]} 6. a3 {[%emt 0:01:09]} Bxc3+ {[%emt 0:06:15]} 7. bxc3 {[%emt 0:00:09]} c6 {[%emt 0:03:26]} 8. Ne2 {[%emt 0:05:32]} b6 {[%emt 0:00:56]} 9. O-O {[%emt 0:02:35]} Ba6 {[%emt 0:01:17]} 10. cxd5 {[%emt 0:01:44]} Bxd3 {[%emt 0:03:21]} 11. Qxd3 {[%emt 0:00:15]} cxd5 {[%emt 0:00:07]} 12. c4 {[%emt 0:00:39]} Nc6 {[%emt 0:05:45]} 13. f3 {[%emt 0:06:11]} dxc4 {[%emt 0:14:49]} 14. Qxc4 {[%emt 0:00:24]} Na5 {[%emt 0:03:24]} 15. Qd3 {[%emt 0:03:05]} Rc8 {[%emt 0:01:17]} 16. Bd2 {[%emt 0:07:01]} Qd5 {[%emt 0:09:22]} 17. Bxa5 {[%emt 0:05:14]} Qxa5 {[%emt 0:00:41]} 18. Rfc1 {[%emt 0:00:26]} Rfd8 {[%emt 0:03:00]} 19. e4 {[%emt 0:01:31]} Qa4 {[%emt 0:06:08]} 20. Kf2 {[%emt 0:01:57]} h6 {[%emt 0:05:17]} 21. Rc3 {[%emt 0:01:16]} Rxc3 {[%emt 0:00:51]} 22. Qxc3 {[%emt 0:00:07]} Qd7 {[%emt 0:03:20]} 23. Rc1 {[%emt 0:00:14]} Kf8 {[%emt 0:02:01]} 24. Qc7 {[%emt 0:02:05]} Ne8 {[%emt 0:00:29]} 25. Qxd7 {[%emt 0:01:16]} Rxd7 {[%emt 0:00:06]} 26. Ke3 {[%emt 0:00:27]} Rc7 {[%emt 0:01:42]} 27. Rxc7 {[%emt 0:03:38]} Nxc7 {[%emt 0:00:21]} 28. Nc3 {[%emt 0:00:41]} Ke7 {[%emt 0:00:07]} 29. h4 {[%emt 0:00:47]} Kd6 {[%emt 0:05:26]} 30. g4 {[%emt 0:02:54]} Kc6 {[%emt 0:01:45]} 31. Kd3 {[%emt 0:02:23]} b5 {[%emt 0:01:28]} 32. Ne2 {[%emt 0:04:20]} a5 {[%emt 0:01:06]} 33. Kc3 {[%emt 0:01:21]} Ne8 {[%emt 0:01:09]} 34. h5 {[%emt 0:03:27]} Nd6 {[%emt 0:03:34]} 35. Nf4 {[%emt 0:02:42]} Nc4 {[%emt 0:03:55]} 36. a4 {[%emt 0:02:45]} Nb6 {[%emt 0:01:35]} 37. axb5+ {[%emt 0:00:40]} Kxb5 {[%emt 0:00:05]} 38. Nd3 {[%emt 0:01:07]} Nc8 {[%emt 0:02:18]} 39. Ne5 {[%emt 0:10:56]} Nd6 {[%emt 0:00:18]} 40. Kb3 {[%emt 0:00:19]} f5 {[%emt 0:02:27]} 41. exf5 {[%emt 0:01:36]} exf5 {[%emt 0:00:07]} 42. Nd3 {[%emt 0:01:43]} a4+ {[%emt 0:03:27]} 43. Kc3 {[%emt 0:00:43]} fxg4 {[%emt 0:00:34]} 44. fxg4 {[%emt 0:00:07]} Ne4+ {[%emt 0:00:15]} 45. Kb2 {[%emt 0:01:41]} Kc4 {[%emt 0:02:30]} 46. Nf4 {[%emt 0:00:27]} Kxd4 {[%emt 0:01:20]} 47. Ne6+ {[%emt 0:00:26]} Kc4 {[%emt 0:00:14]} 48. Ka3 {[%emt 0:00:28]} Kb5 {[%emt 0:00:31]} 49. Nxg7 {[%emt 0:00:30]} Nf6 {[%emt 0:00:10]} 50. Nf5 {[%emt 0:01:01]} Nxg4 {[%emt 0:00:05]} 51. Nd4+ {[%emt 0:00:08]} Ka5 {[%emt 0:00:43]} 52. Nf5 {[%emt 0:00:04]} Kb5 {[%emt 0:00:59]} 53. Nd4+ {[%emt 0:00:07]} Ka5 {[%emt 0:00:43]} 54. Nf5 {[%emt 0:00:07]} Kb5 1/2-1/2

[Event "Cellavision Cup 2018"]
[Site "Lund"]
[Date "2018.08.05"]
[Round "7"]
[White "Kiese, Matthias"]
[Black "Golubka, Petro"]
[Result "1-0"]
[WhiteElo "2194"]
[BlackElo "2478"]
[Annotator "TA"]
[PlyCount "91"]
[EventDate "2018.08.03"]
[EventType "swiss"]
[EventCountry "SWE"]
[SourceTitle "playchess.com"]
[Source "ChessBase"]
[SourceQuality "1"]

{[%evp 16,91,29,-17,-9,-29,0,0,0,0,50,42,110,-4,0,0,0,0,0,0,0,0,0,0,0,0,6,2,13,0,0,0,0,0,42,0,0,-10,-8,-8,-8,-8,-7,-10,-8,-8,0,-4,-8,-14,-18,-44,-42,-29,-35,-40,-16,-48,-16,-16,-44,-93,0,0,266,268,1138,1108,1755,1715,1709,1689,1615,1500,2345,1995,2989,2786]} 1. d4 Nf6 2. Nf3 e6 3. Bg5 h6 4. Bxf6 Qxf6 5. Nbd2 b6 6. e4 {[%cal Be2e4,Be4e5][%mdl 32]} Bb7 7. Bd3 g5 {A47: 1 d4 Nf6 2 Nf3 b6: Torre, London and Colle Systems} 8. c3 Nc6 9. e5 {LiveBook: 4 Games} (9. O-O h5 10. Qe2 g4 11. Ne1 e5 12. d5 Ne7 13. a4 a5 14. g3 h4 {0-1 (28) Wen,Y (2614)-Inarkiev,E (2729) China 2016}) 9... Qg7 {The position is equal.} 10. Ne4 Be7 11. Qe2 g4 12. Nfd2 h5 13. Ba6 O-O-O (13... Bxa6 $14 14. Qxa6 O-O) 14. O-O-O $146 (14. a4 $16) ({Predecessor:} 14. Nb3 f6 15. exf6 Bxf6 16. Nec5 bxc5 17. Nxc5 Bxd4 18. cxd4 Nxd4 19. Bxb7+ Kb8 20. Qc4 d5 21. Bxd5 Qe5+ 22. Be4 {1-0 (22) Morant,P-Haapasalo,J (2250) Finland 1990}) 14... Kb8 15. Bxb7 Kxb7 16. f4 d5 17. Nf2 g3 18. Nd3 gxh2 19. Rxh2 h4 20. Nf3 Rh6 21. Rdh1 Rdh8 22. Nf2 Qg3 23. Qd2 Na5 24. b3 Qg6 25. Qd3 (25. Kb2 {is interesting.} Nc6 26. Nh3 f6 27. exf6 Qxf6 28. Nhg5) 25... Rg8 26. Qxg6 (26. Qc2 {feels hotter.} Qxc2+ 27. Kxc2 Rhg6 28. f5 Rxg2 29. f6) 26... Rhxg6 27. Nxh4 Bxh4 28. Rxh4 {Hoping for g4.} Rxg2 29. R1h2 R8g3 30. Nd1 c5 (30... Kc8 {looks sharper.} 31. Rh7 Rxh2 32. Rxh2 Kd7 33. Kd2 c5) 31. dxc5 bxc5 32. Rxg2 Rxg2 $11 {[%mdl 4096] Endgame KRN-KRN} 33. Rh7 Rxa2 34. Rxf7+ Kb6 35. Re7 Nxb3+ 36. Kb1 Re2 37. Rxe6+ Kb5 38. f5 a5 (38... Nd2+ $17 39. Kc1 Nc4) 39. f6 a4 $2 {[%mdl 8192] [#]} (39... Nd2+ $11 40. Kc1 Nb3+ 41. Kb1 Nd2+ 42. Kc1 Nb3+ 43. Kb1) 40. c4+ $1 $18 Kb4 $2 (40... Ka5 41. Re8 (41. Nc3 Rf2 $11) 41... Nd2+ 42. Kb2 Nxc4+ 43. Kc1 Rxe5 44. Ra8+ Kb4) 41. Rb6+ {White is clearly winning.} Kxc4 42. f7 Re1 43. f8=Q {[#] Qf4+ would kill now.} Rxd1+ 44. Kb2 a3+ 45. Kxa3 Nd4 46. Qf2 {Precision: White = 59%, Black = 51%.} 1-0

[Event "Cellavision Cup 2018"]
[Site "Lund"]
[Date "2018.08.05"]
[Round "8"]
[White "Shirov, Alexei"]
[Black "Hansen, Sune Berg"]
[Result "1-0"]
[WhiteElo "2631"]
[BlackElo "2589"]
[Annotator "TA"]
[PlyCount "81"]
[EventDate "2018.08.03"]
[EventType "swiss"]
[EventCountry "SWE"]
[SourceTitle "playchess.com"]
[Source "ChessBase"]
[SourceQuality "1"]

{[%evp 16,81,31,20,41,37,33,38,63,36,46,33,32,47,43,23,27,31,21,32,23,17,17,25,95,105,148,189,173,75,67,81,85,74,77,84,88,30,224,229,228,227,227,225,221,219,299,297,292,291,289,285,340,252,366,375,374,364,371,301,364,366,361,347,377,383,395,394]} 1. e4 c5 2. Nf3 Nc6 3. Bb5 e6 4. O-O Nge7 5. d4 cxd4 6. Nxd4 Ng6 7. Nc3 Be7 8. Be3 {B30: Sicilian: 2...Nc6 3 Bb5, lines without ...g6} (8. Nb3 a6 9. Bd3 b5 10. f4 Bb7 11. Kh1 Qc7 12. a4 b4 13. Ne2 Rd8 14. a5 d5 15. e5 f6 {0-1 (31) Anand,V (2786)-Vachier Lagrave,M (2796) Leuven 2017}) 8... O-O 9. f4 {LiveBook: 15 Games} Nxd4 10. Qxd4 {White is slightly better.} b6 $146 ({Predecessor:} 10... d6 11. Rad1 Qc7 12. Be2 Bd7 13. g3 Rfd8 14. h4 Be8 15. h5 Bf6 {½-½ (74) Sutovsky,E (2651)-Nijboer,F (2551) Amsterdam 2001}) 11. Rad1 a6 12. Ba4 (12. Be2 {keeps more tension.} Qc7 13. f5 Bc5 14. Qd2 Ne5 15. f6) 12... Bc5 13. Qd2 Bxe3+ 14. Qxe3 Qc7 15. h4 h6 16. Rf2 b5 17. Bb3 Bb7 18. h5 Ne7 19. f5 Nc6 (19... Kh7 $1 $11) 20. f6 $16 Rad8 21. Nd5 Qe5 (21... exd5 22. Bxd5 Qe5 23. Rf5 $16) 22. fxg7 (22. Rd3 $18) 22... Kxg7 23. Nf6 $36 {[%mdl 2048] Keeping Black busy.} Qg5 24. Qxg5+ hxg5 25. Rxd7 Rxd7 {[#]} 26. Nxd7 (26. h6+ $1 $16 {[%mdl 512]} Kxh6 27. Nxd7) 26... Rd8 $2 {[#]} (26... Rh8 $1 $11 {and Black stays safe.}) 27. h6+ $1 $18 {[%mdl 512]} Kxh6 28. Rxf7 Nd4 29. Nc5 Bc8 30. c3 Ne2+ 31. Kf2 Nf4 32. g3 Ng6 33. Ke2 (33. Bxe6 $6 Rd2+ 34. Ke3 Bxe6 $18) (33. Nxe6 $6 Bxe6 34. Bxe6 Ne5 $18) 33... Ne5 34. Re7 ({Weaker is} 34. Bxe6 Nxf7 35. Bxf7 Rh8 $11) 34... Kh5 (34... Kg6 $142 35. Bxe6 Kf6) 35. Nxe6 ({Don't do} 35. Bxe6 Bxe6 36. Rxe6 Nc4 $18) 35... Bxe6 36. Bxe6 {KRB-KRN} ({Not} 36. Rxe6 Nd3 $18) 36... Nd3 37. Rh7+ Kg6 38. Bf5+ Kf6 39. Rh6+ Kf7 40. Rxa6 Nxb2 41. e5 {Precision: White = 76%, Black = 52%.} 1-0

[Event "Cellavision Cup 2018"]
[Site "Lund"]
[Date "2018.08.05"]
[Round "8"]
[White "Sumets, Andrey"]
[Black "Himanshu, Sharma"]
[Result "1/2-1/2"]
[WhiteElo "2575"]
[BlackElo "2436"]
[Annotator "TA"]
[PlyCount "115"]
[EventDate "2018.08.03"]
[EventType "swiss"]
[EventCountry "SWE"]
[SourceTitle "playchess.com"]
[Source "ChessBase"]
[SourceQuality "1"]

{[%evp 25,115,27,22,25,30,31,36,65,62,63,59,28,63,60,76,23,122,122,122,112,117,114,113,41,43,41,40,41,43,45,45,-41,-36,-37,-38,-39,-52,-36,-18,-18,-18,-18,-49,-42,-16,-13,0,-2,0,-18,-18,-18,-18,-18,-18,-18,-13,-49,-45,-45,-13,-54,-13,-54,-13,-90,-90,-90,-90,-90,-90,-190,-190,-269,-269,-269,-269,-269,-269,-269,-269,-437,-437,-437,-437,-437,-437,-437,-437,-437,-437,-437]} 1. d4 d5 2. c4 c6 3. cxd5 cxd5 4. Nc3 Nf6 5. Bf4 Nc6 6. e3 a6 7. Rc1 Bf5 8. Nf3 Rc8 9. Ne5 {D13: Slav Defence: Exchange variation without ...Bf5} (9. Be2 e6 10. O-O Nd7 11. Na4 Be7 12. h3 O-O 13. a3 Na5 14. Nc5 Nc4 15. b4 Nxc5 16. dxc5 Nxa3 {1-0 (44) So,W (2778)-Carlsen,M (2843) Stavanger 2018}) 9... e6 10. Qb3 Nxe5 11. Bxe5 Qd7 12. Be2 Be7 13. O-O O-O {LiveBook: 15 Games} 14. Na4 Rxc1 15. Rxc1 Rc8 16. Rxc8+ Qxc8 {[#]} 17. Nc5 $146 Bxc5 18. dxc5 Ne4 19. g4 Bg6 20. Bd4 ({White should play} 20. f3 $16) 20... e5 (20... h5 $11 {remains equal.}) 21. Bxe5 $16 Qxc5 22. Qxb7 {aiming for Qa8+.} Qc1+ 23. Kg2 {[#] White wants to mate with Qb8+.} h6 {...Qe1 is the strong threat.} 24. Bc3 (24. Bxa6 Qd2 $19) ({White should try} 24. Bd3 $16 Qd1 25. Qxd5 (25. Qc8+ Kh7 $11) 25... Qxg4+ 26. Bg3) 24... d4 $1 $14 {[%cal Rd4c3]} 25. exd4 Qf4 $1 {[%cal Rf4f2]} 26. Be1 (26. Qxa6 {is a self mate.} Qxf2+ 27. Kh1 {[#]} Ng3+ $1 {[%mdl 512]} 28. hxg3 Be4+ 29. Bf3 Bxf3#) 26... Ng5 $1 27. f3 {Hoping for Qc8+.} Qe3 28. Kf1 (28. Qc8+ $14 Kh7 29. Qc4 (29. Qxa6 Ne6 $11)) 28... Nh3 $15 {[%csl Gh3][%cal Re3g1][%mdl 1024] Black has compensation.} 29. Qb8+ Kh7 {[%csl Gh3][%cal Re3g1]} 30. Qg3 Nf4 $1 31. Qf2 Qc1 {Strongly threatening ...Qc2.} 32. Qg3 $1 (32. Bxa6 $2 Qc6 $17) 32... Nxe2 33. Kxe2 Qxb2+ 34. Kf1 Bd3+ 35. Kg1 Qxd4+ 36. Qf2 Qa1 (36... Qa4 {keeps more tension.} 37. Qe3 Bb5 38. Qb3 Qxb3 39. axb3 h5) 37. Kg2 Bb1 38. h4 Qxa2 39. Qxa2 Bxa2 $11 {[%mdl 4096] Endgame KB-KB} 40. h5 g6 41. hxg6+ fxg6 42. f4 Bb1 43. Bb4 Kg7 44. Kf3 Bc2 45. f5 (45. Kg3 $11 {keeps the balance.}) 45... gxf5 $17 46. gxf5 Kf6 47. Ke3 h5 {[%cal Bh6h5,Bh5h4][%mdl 32]} 48. Kd2 (48. Kf4 $17) 48... Bxf5 $19 49. Kc1 (49. Ba5 {is a better defense.}) 49... h4 50. Bd6 Ke6 51. Bh2 Kd5 52. Kb2 Kc4 53. Ka1 $2 (53. Bc7 Kd5 54. Bh2) 53... Kb3 {Black is clearly winning.} 54. Be5 a5 {[%cal Ba6a5,Ba5a4][%mdl 32]} 55. Bf4 h3 56. Bh2 a4 57. Bg3 Be6 58. Bh2 {[%mdl 32768] Precision: White = 44%, Black = 72%. . An unexpected result.} 1/2-1/2

[Event "Cellavision Cup 2018"]
[Site "Lund"]
[Date "2018.08.05"]
[Round "8"]
[White "Urkedal, Frode Olav Olsen"]
[Black "Sylvan, Jacob"]
[Result "1-0"]
[WhiteElo "2537"]
[BlackElo "2330"]
[Annotator "TA"]
[PlyCount "83"]
[EventDate "2018.08.03"]
[EventType "swiss"]
[EventCountry "SWE"]
[SourceTitle "playchess.com"]
[Source "ChessBase"]
[SourceQuality "1"]

{[%evp 22,83,30,14,17,13,31,25,21,18,36,17,26,16,25,10,15,14,106,118,117,101,700,689,642,638,625,331,315,311,578,589,577,557,593,513,503,503,503,495,544,574,567,571,567,559,548,530,550,550,654,636,663,660,1239,953,1098,1074,2544,865,2408,2504,1853,1772]} 1. d4 d5 2. c4 e6 3. Nc3 Nf6 4. cxd5 exd5 5. Bg5 Be7 6. e3 c6 7. Bd3 Nbd7 8. Qc2 h6 9. Bh4 Nh5 10. Bxe7 {D36: Queen's Gambit Declined: Exchange Variation: Main line (5 Bg5 c6 6 Qc2)} Qxe7 11. O-O-O Nb6 12. Nf3 {LiveBook: 5 Games. White has an edge.} Be6 13. Kb1 O-O-O {[#]} 14. Ne5 $146 ({Predecessor:} 14. Na4 Nf6 15. Nc5 Bg4 16. Rc1 Bxf3 17. gxf3 {½-½ (49) Rodshtein,M (2673)-Trent,L (2452) Germany 2016}) 14... Kb8 15. Na4 {Threatening Nxb6.} Nd7 16. Nxd7+ Bxd7 17. Ka1 Bc8 18. Rb1 Nf6 19. b4 Ne8 (19... Rd7 $11) 20. b5 $36 {[%mdl 2048] White is in control.} cxb5 21. Rxb5 b6 $2 {[%mdl 8192] [#]} (21... Nc7 $16) 22. Nxb6 $1 $18 {[%mdl 512] Intending Nd7+ and mate.} axb6 23. Rxb6+ Bb7 {[#]} 24. Rxb7+ $1 {[%mdl 512]} Qxb7 (24... Kxb7 25. Rb1+) 25. Rb1 Rd7 $2 (25... Nd6 26. Qc6 Rhe8) 26. Ba6 {White is clearly winning.} Qxb1+ 27. Qxb1+ Kc7 28. Qb7+ Kd8 29. Qb4 Rd6 30. Bb5 Ke7 31. Qc5 Nf6 32. Qc7+ Ke6 33. f3 Rhd8 34. g4 Ne8 35. Qc5 Rb8 36. a4 Rdd8 37. e4 {[%cal Be3e4,Be4e5][%mdl 32]} Nf6 38. e5 Ng8 39. f4 {[%csl Gg4][%cal Rf4f5]} g6 {[#]} 40. f5+ $1 {[%mdl 512]} gxf5 41. Qc6+ Ke7 42. gxf5 {Precision: White = 70%, Black = 37%.} 1-0

[Event "Cellavision Cup 2018"]
[Site "Lund"]
[Date "2018.08.05"]
[Round "8"]
[White "Maiorov, Nikita"]
[Black "Ahlander, Bjorn"]
[Result "1/2-1/2"]
[WhiteElo "2504"]
[BlackElo "2433"]
[Annotator "TA"]
[PlyCount "109"]
[EventDate "2018.08.03"]
[EventType "swiss"]
[EventCountry "SWE"]
[SourceTitle "playchess.com"]
[Source "ChessBase"]
[SourceQuality "1"]

{[%evp 19,109,-26,6,9,38,33,31,-11,0,-99,-42,-37,-33,-32,-40,-77,-61,-423,-447,-490,-497,-401,-485,-480,-476,-449,-177,-185,-162,-203,-204,-220,-137,-133,-145,-341,-357,-352,-336,-228,-212,-239,-217,-697,-693,-712,-707,-687,-660,-606,-264,-306,0,-539,0,-291,-270,-247,-266,-256,-225,-214,-213,-219,-218,-234,-227,-275,-220,-264,-201,-380,-380,-446,-457,-428,-298,-247,-232,-262,-21,-21,-9,-25,-14,-14,0,0,0,0,0,0]} 1. d4 Nf6 2. c4 e6 3. Nc3 d5 4. cxd5 Nxd5 5. e4 Nxc3 6. bxc3 c5 7. Rb1 cxd4 {D35: Queen's Gambit Declined: Exchange Variation} 8. cxd4 Be7 9. Nf3 O-O 10. h4 Nc6 {[%cal Bb8c6,Bc6a5,Ba5c4][%mdl 32] LiveBook: 3 Games} 11. h5 b6 $146 ({Predecessor:} 11... f5 12. exf5 Qa5+ 13. Bd2 Qxf5 14. Bc3 h6 15. Bd3 {1-0 (41) Karjakin,S (2763)-Kramnik,V (2800) Berlin 2018}) 12. Bb5 {Threatens to win with h6.} Bb7 13. Bb2 Rc8 14. Kf1 (14. h6 $11 {remains equal.} g6 15. O-O) 14... a6 (14... Nb4 $1 $17 15. a3 Nc2) 15. Be2 $15 Na5 16. Bd3 Nc4 $36 {[%mdl 2048] Black fights for an advantage.} 17. Ba1 f5 18. Qe2 $2 {[%mdl 8192]} (18. exf5 $15 exf5 19. Rh3) 18... fxe4 $19 19. Bxc4 exf3 20. gxf3 Bxf3 21. Qxe6+ Kh8 22. Rg1 Rxc4 $2 (22... Bxh5 23. d5 Bf6 24. Bxa6 Rc2) 23. h6 {[%csl Gg1][%cal Rh6g7]} g6 $1 24. Qxc4 Bd5 25. Qe2 ({Not} 25. Qxa6 $2 Qc7 $19) 25... Bh4 {[%mdl 1024] Black has strong compensation.} 26. Qe5+ {[#]} Bf6 $1 {[%cal Rf6e5]} 27. Qe2 $2 (27. Qf4 $17 {was necessary.}) 27... Qc8 28. Rg3 Bc4 29. Rd3 {intending d5.} Qf5 30. Rbd1 Kg8 ({Don't take} 30... Bxd3 31. Rxd3 Qd5 32. Rh3 $17) 31. Kg1 $2 (31. Bc3) 31... Qg5+ 32. Kf1 Qxh6 {[%cal Rh6h1]} 33. Kg1 Qg5+ 34. Kf1 Qd5 (34... Bg7 $142 35. Bb2 Rf5) 35. Kg1 Qg5+ $2 (35... Bxd3 36. Rxd3 Rf7 37. Re3 $19) (35... Qf5 36. Bb2 Qg5+ 37. Kf1 Qd5) 36. Kf1 Qd5 {[%cal Rd5h1]} 37. Kg1 $1 Bh4 ({Resist} 37... Bxd3 38. Rxd3 Rf7 39. Re3 $19) 38. f3 Qg5+ 39. Qg2 Bxd3 40. Qxg5 Bxg5 41. Rxd3 {[%mdl 4096] Endgame KRB-KRB} Rc8 42. Bc3 Bf6 {...Rxc3! is the strong threat.} 43. Kf1 Kf7 44. Ke2 b5 45. Re3 $2 (45. f4) 45... Rc4 46. Kd3 Ra4 47. Re2 b4 48. Be1 a5 49. Rc2 {[#]} b3 $2 ({Better is} 49... Bxd4 $1 $19 {[%mdl 512] Strongly threatening ...h5.} 50. Rc7+ (50. Kxd4 b3+) 50... Ke6 51. Rxh7 Be5) 50. Rc7+ $11 Ke6 51. axb3 Rxd4+ 52. Ke3 {The position is equal.} Rd5 53. Rxh7 Rb5 54. Ke2 Rxb3 55. Bxa5 {Precision: White = 39%, Black = 43%.} 1/2-1/2

[Event "Cellavision Cup 2018"]
[Site "Lund"]
[Date "2018.08.05"]
[Round "8"]
[White "Hector, Jonny"]
[Black "Grandelius, Nils"]
[Result "1-0"]
[WhiteElo "2491"]
[BlackElo "2658"]
[Annotator "TA"]
[PlyCount "75"]
[EventDate "2018.08.03"]
[EventType "swiss"]
[EventCountry "SWE"]
[SourceTitle "playchess.com"]
[Source "ChessBase"]
[SourceQuality "1"]

{[%evp 17,75,10,28,0,0,0,0,-10,-14,-17,-17,-41,-10,0,-14,-18,-7,-29,-27,-26,-14,-25,-16,-19,-24,-47,0,-20,-18,-14,-13,-10,-10,-13,-20,-41,0,0,0,0,0,0,0,0,0,0,35,35,58,83,88,107,118,97,400,391,1086,942,5306,877]} 1. e4 e5 2. Nf3 Nc6 3. Bc4 Nf6 4. d3 Be7 5. O-O O-O 6. Re1 d6 7. a4 Be6 8. Nbd2 Qd7 9. a5 a6 {LiveBook: 43 Games} 10. Bb3 $146 {C55: Two Knights: 4 d3, 4 d4 exd4 5 e5 and Max Lange Attack} ({Predecessor:} 10. c3 h6 11. Qb3 Rab8 12. h3 Kh8 13. Nf1 Nh5 14. d4 Bxc4 15. Qxc4 f5 16. dxe5 Nxe5 17. Qe2 Ng6 18. exf5 Rxf5 {½-½ (44) Heberla,B (2558)-Wang,H (2706) Czech Republic 2018}) 10... Bxb3 11. Nxb3 d5 12. exd5 {The position is equal.} Qxd5 13. c4 Qd6 14. Be3 Qd7 15. d4 exd4 16. Nfxd4 Bb4 17. Rf1 Rfe8 18. h3 Bf8 19. Nxc6 Qxc6 20. Qc2 {[#]} Nd5 $1 {[%mdl 512]} 21. Bd2 (21. cxd5 Qxc2) 21... Nf6 22. Bg5 Ne4 23. Be3 Rad8 24. Rfd1 Rxd1+ 25. Rxd1 Nd6 26. c5 {Black must now prevent Nd4.} Nb5 27. Nd4 $36 {[%mdl 2048] White is more active.} Nxd4 28. Bxd4 b6 {[%cal Rb6c5]} 29. axb6 cxb6 30. b4 {[%cal Bb2b4,Bb4c5,Bc5c6,Bc6c7][%mdl 32]} bxc5 31. bxc5 Rd8 32. Be3 Rxd1+ 33. Qxd1 a5 34. Qf3 Qa6 {[#]} 35. c6 $1 {[%cal Rc6c7] And now c7 would win.} Qc4 $2 {[%mdl 8192]} (35... a4 $16 {is more resistant.}) 36. Bf4 $18 g5 $2 (36... a4 37. c7 a3) 37. c7 a4 38. Qg4 {Precision: White = 67%, Black = 45%.} (38. Be5 $142 Qc1+ 39. Kh2 Qxc7 40. Bxc7) 1-0